Catálogo

Good economics for hard times / (Registro nro. 58672)

Detalles MARC
000 -LEADER
fixed length control field 01464cam a2200373 i 4500
001 - CONTROL NUMBER
control field 58672
003 - CONTROL NUMBER IDENTIFIER
control field Mx-PuUPA
005 - DATE AND TIME OF LATEST TRANSACTION
control field 20260130102255.0
008 - FIXED-LENGTH DATA ELEMENTS--GENERAL INFORMATION
fixed length control field 140415s2019 nyua gr 001 0 eng d
020 ## - INTERNATIONAL STANDARD BOOK NUMBER
International Standard Book Number 9781541788947
Qualifying information rústica
040 ## - CATALOGING SOURCE
Original cataloging agency Mx-PuUPA
Language of cataloging spa
Transcribing agency Mx-PuUPA
Modifying agency Mx-PuUPA
Description conventions rda
041 0# - LANGUAGE CODE
Language code of text/sound track or separate title eng
100 1# - MAIN ENTRY--PERSONAL NAME
Personal name Banerjee, Abhijit V.,
Dates associated with a name 1961-
Relator term autor
9 (RLIN) 16389
245 10 - TITLE STATEMENT
Title Good economics for hard times /
Statement of responsibility, etc. Abhijit V. Banerjee & Esther Duflo
250 ## - EDITION STATEMENT
Edition statement First edition
264 #1 - PRODUCTION, PUBLICATION, DISTRIBUTION, MANUFACTURE, AND COPYRIGHT NOTICE
Place of production, publication, distribution, manufacture New York, NY :
Name of producer, publisher, distributor, manufacturer PublicAffairs,
Date of production, publication, distribution, manufacture, or copyright notice 2021
300 ## - PHYSICAL DESCRIPTION
Extent xxii, 403 páginas :
Other physical details gráficas (blanco y negro) ;
Dimensions 21 cm
336 ## - CONTENT TYPE
Fuente rdacontent
Content type term texto
Content type code txt
337 ## - MEDIA TYPE
Source rdamedia
Media type term sin medio
Media type code n
338 ## - CARRIER TYPE
Source rdacarrier
Carrier type term volumen
Carrier type code nc
500 ## - GENERAL NOTE
General note "Winners of the 2019 Nobel Prize in Economics". -- Cubierta
650 #7 - SUBJECT ADDED ENTRY--TOPICAL TERM
Source of heading or term armarc
Topical term or geographic name entry element Economía
650 #7 - SUBJECT ADDED ENTRY--TOPICAL TERM
Source of heading or term armarc
Topical term or geographic name entry element Historia económica
Chronological subdivision 1900
650 #7 - SUBJECT ADDED ENTRY--TOPICAL TERM
Source of heading or term armarc
Topical term or geographic name entry element Globalización
650 #7 - SUBJECT ADDED ENTRY--TOPICAL TERM
Source of heading or term armarc
Topical term or geographic name entry element Economía política
700 1# - ADDED ENTRY--PERSONAL NAME
Personal name Duflo, Esther,
Relator term autor
942 ## - ADDED ENTRY ELEMENTS (KOHA)
Source of classification or shelving scheme Dewey Decimal Classification
Koha item type Libro
Classification part 330.9
Item part B22
Existencias
Withdrawn status Lost status Source of classification or shelving scheme Damaged status Not for loan Collection code Home library Current library Shelving location Date acquired Source of acquisition Cost, normal purchase price Total Checkouts Full call number Barcode Date last seen Cost, replacement price Price effective from Koha item type Copy number
    Dewey Decimal Classification     General Biblioteca Karol Wojtyla Biblioteca Karol Wojtyla Sala general 29/10/2024 2 477.09   330.9 B22 2021 106403 05/01/2026 477.09 29/10/2024 Libro  
    Dewey Decimal Classification     General Biblioteca Karol Wojtyla Biblioteca Karol Wojtyla Sala general 29/10/2024 2 477.09   330.9 B22 2021 106404 05/01/2026 477.09 29/10/2024 Libro Ej.2
    Dewey Decimal Classification     General Biblioteca Karol Wojtyla Biblioteca Karol Wojtyla Sala general 10/11/2025 2 457.56   330.9 B22 2021 106152 06/02/2026 457.56 10/11/2025 Libro Ej.3